Racial Attitudes in Fifteen American Cities / (Record no. 75931)
[ view plain ]
| 000 -LEADER | |
|---|---|
| fixed length control field | 01008nam a2200265 4500 |
| 001 - CONTROL NUMBER | |
| control field | 75931 |
| 003 - CONTROL NUMBER IDENTIFIER | |
| rucl marc code | BD-RjUL |
| 005 - DATE AND TIME OF LATEST TRANSACTION | |
| control field | 20211209082750.0 |
| 008 - FIXED-LENGTH DATA ELEMENTS--GENERAL INFORMATION | |
| fixed length control field | 190917r19701969 ||||| |||| 00| 0 eng d |
| 035 ## - SYSTEM CONTROL NUMBER | |
| System control number | (BD-RjUL)76150 |
| 040 ## - CATALOGING SOURCE | |
| Original cataloging agency | BD-RjUL |
| Language of cataloging | eng |
| Transcribing agency | BD-RjUL |
| 041 ## - LANGUAGE CODE | |
| Language code of text/sound track or separate title | eng |
| 082 ## - DEWEY DECIMAL CLASSIFICATION NUMBER | |
| Edition number | 23 |
| Classification number | 305.896073 |
| Author mark and year | CAR 1970 |
| 100 1# - MAIN ENTRY--PERSONAL NAME | |
| Personal name | Campbell, Angus |
| 9 (RLIN) | 232999 |
| 245 ## - TITLE STATEMENT | |
| Title | Racial Attitudes in Fifteen American Cities / |
| Statement of responsibility, etc. | by Angus Campbell, Howard Schuman |
| 260 ## - PUBLICATION, DISTRIBUTION, ETC. (IMPRINT) | |
| Place of publication, distribution, etc. | Michigan: |
| Name of publisher, distributor, etc. | University of Michigan, Institute for Social Research, Survey Research Center, |
| Date of publication, distribution, etc. | 1969 [Printing 1970] |
| 300 ## - PHYSICAL DESCRIPTION | |
| Pagination | 67 p. : |
| Illustrations | Ill. ; |
| Size | 27 cm |
| 500 ## - GENERAL NOTE | |
| General note | " A Survey Research Center Study" |
| General note | On cover: "A report prepared for the National Advisory Commission on Civil Disorders" |
| 650 ## - SUBJECT ADDED ENTRY--TOPICAL TERM | |
| Topical term or geographic name as entry element | Ethnic attitudes |
| 9 (RLIN) | 233003 |
| 651 ## - SUBJECT ADDED ENTRY--GEOGRAPHIC NAME | |
| Geographic name | United States |
| General subdivision | Race relations |
| -- | Statistics. |
| 9 (RLIN) | 233000 |
| Geographic name | African Americans |
| General subdivision | Statistics |
| 9 (RLIN) | 233001 |
| 700 ## - ADDED ENTRY--PERSONAL NAME | |
| Personal name | Schuman, Howard, jt. auth. |
| 942 ## - ADDED ENTRY ELEMENTS (KOHA) | |
| Source of classification or shelving scheme | Dewey Decimal Classification |
| Koha item type | Rare Books |
| Lost status | Source of classification or shelving scheme | Damaged status | Not for loan | Collection code | Permanent Location | Current Location | Shelving location | Date acquired | Source of acquisition | Total Checkouts | Full call number | Date last seen | Copy number | Koha item type |
|---|---|---|---|---|---|---|---|---|---|---|---|---|---|---|
| Dewey Decimal Classification | Not For Loan | Rare Books | Central Library, University of Rajshahi | Central Library, University of Rajshahi | Rare Book Section | 02/04/1977 | Lions International | RA 305.896073 CAR 1970 | 17/09/2019 | C-1 | Rare Books |